000 00703nam a2200301Ia 4500
005 20260401122244.0
008 008 250103s9999 xx 000 0 eng d
020 _a817824067X
037 _aTB
040 _aEDL
040 _beng
040 _cEDL
041 _2eng
041 _aeng
084 _a305.420954 SAR
084 _qEDL
100 _aSarkar, Tanika
245 0 _aHindu Wife, and Hindu Nation: Community, Religion and Cultural Nationalism
245 0 _cSarkar, Tanika
260 _aDelhi
260 _bPermanent Black
260 _c2005
300 _a290p
942 _cTB
942 _h305.420954 SAR
999 _c1845987
_d1845987